00387nam a2200145 a 45000010005000000030009000050080041000140400028000550820019000831000028001022450029001302600038001593000015001976500029002125381CO-ViMGA141112s2004 ck r 000 u spa d aCO-ViMGAbspacCO-ViMGA aR796.323 P373r1 aPerea, Rosero Tucidides10aReglamento de baloncesto aBogotá : bPanamerciana, c1997 a193 p : il14aBALONCESTO - REGLAMENTOS